Introduction to numerical analysis / (Record no. 8455)

MARC details
000 -LEADER
fixed length control field 00679cam a2200241 a 4500
001 - CONTROL NUMBER
control field 12652612
003 - CONTROL NUMBER IDENTIFIER
control field OSt
005 - DATE AND TIME OF LATEST TRANSACTION
control field 20240614105124.0
008 - FIXED-LENGTH DATA ELEMENTS--GENERAL INFORMATION
fixed length control field 020123s2002 nyua b 001 0 eng
010 ## - LIBRARY OF CONGRESS CONTROL NUMBER
LC control number 2002019729
020 ## - INTERNATIONAL STANDARD BOOK NUMBER
International Standard Book Number 038795452X
040 ## - CATALOGING SOURCE
Original cataloging agency DDC
Transcribing agency MUST
082 00 - DEWEY DECIMAL CLASSIFICATION NUMBER
Classification number 518
Edition number 22
100 1# - MAIN ENTRY--PERSONAL NAME
Personal name Stoer, J.
9 (RLIN) 17189
245 10 - TITLE STATEMENT
Title Introduction to numerical analysis /
Remainder of title Texts in applied mathematics
250 ## - EDITION STATEMENT
Edition statement 3rd ed.
260 ## - PUBLICATION, DISTRIBUTION, ETC. (IMPRINT)
Place of publication, distribution, etc. New York :
Name of publisher, distributor, etc. Springer,
Date of publication, distribution, etc. c2002.
300 ## - PHYSICAL DESCRIPTION
Extent xv, 744 p. :
Other physical details ill. ;
Dimensions 25 cm.
504 ## - BIBLIOGRAPHY, ETC. NOTE
Bibliography, etc Includes bibliographical references and indexes
650 #0 - SUBJECT ADDED ENTRY--TOPICAL TERM
Topical term or geographic name as entry element Numerical analysis.
9 (RLIN) 3742
700 1# - ADDED ENTRY--PERSONAL NAME
Personal name Bulirsch, R.
9 (RLIN) 17190
942 ## - ADDED ENTRY ELEMENTS (KOHA)
Source of classification or shelving scheme Dewey Decimal Classification
Koha item type Book
Holdings
Withdrawn status Lost status Source of classification or shelving scheme Damaged status Not for loan Home library Current library Inventory number Total Checkouts Full call number Barcode Date last seen Koha item type
    Dewey Decimal Classification     MUST Main Library MUST Main Library 07/29178   518 2024-20476 14/06/2024 Open Shelf